Once Upon A Time Character Anagrams - Statistics

General Stats
  • This quiz has been taken 460 times
  • The average score is 10 of 15
Answer Stats
Anagram Answer % Correct
eonWthSiw Snow White
98%
wnmEaSam Emma Swan
94%
sRagnlMieil Regina Mills
91%
nleaZe Zelena
86%
nPertaPe Peter Pan
82%
tumnRsltekipils Rumplestiltskin
80%
fraelBei Baelfire
78%
mCergPnaichrni Prince Charming
76%
dlNaseyCasi Neal Cassidy
72%
dnNavlaDio David Nolan
58%
yHslMeriln Henry Mills
57%
aeVueCldlrli Cruella de Vil
55%
ehrBlcnFele Belle French
54%
JalnKineislo Killian Jones
52%
cHrlsaIaele Isaac Heller
4%
No matching quizzes found
Score Distribution
Percent of People with Each Score
Percentile by Number Answered
Your Score History
You have not taken this quiz